SASUKE Stage 1 Clears 5 to 17 Quiz Stats

 Plays Quiz not verified by Sporcle

Score 0/42 Timer 07:00
0 Plays Today
First time competitor cleared in era Competitor's name % Correct
SASUKE 5Yamamoto Shingo
96.9%
SASUKE 5Takeda Toshihiro
96.5%
SASUKE 5Yamada Katsumi
96.1%
SASUKE 12Yamada Koji
89.5%
SASUKE 6Kane Kosugi
89%
SASUKE 6Shane Kosugi
88.6%
SASUKE 9Nagano Makoto
87.7%
SASUKE 11Akiyama Kazuhiko
78.9%
SASUKE 11Shiratori Bunpei
77.6%
SASUKE 14Nagasaki Shunsuke
72.8%
SASUKE 9Iketani Naoki
71.9%
SASUKE 8Nakata Daisuke
71.5%
SASUKE 10Asaoka Hiroyuki
69.7%
SASUKE 7Takahashi Kenji
67.1%
SASUKE 11Kobayashi Shinji
64.5%
SASUKE 6Hatakeda Yoshiaki
63.2%
SASUKE 12Kobayashi Masaki
61.4%
SASUKE 14Paul Hamm
61.4%
SASUKE 15Morgan Hamm
61.4%
SASUKE 8Shoei
60.1%
SASUKE 8Jordan Jovtchev
59.2%
First time competitor cleared in era Competitor's name % Correct
SASUKE 17Paul Anthony Terek
57.5%
SASUKE 9Nakayama Kinnikun
55.7%
SASUKE 17Lee En-Chih
55.7%
SASUKE 7Kuboki Hironori
55.3%
SASUKE 7James Okada
51.3%
SASUKE 17Adachi Yuta
48.2%
SASUKE 12Sato Manabu
47.4%
SASUKE 10Arai Kenichi
46.9%
SASUKE 7Akimoto Kozo
44.7%
SASUKE 14Ishikawa Terukazu
44.7%
SASUKE 13Ueki Shigenori
44.3%
SASUKE 13Yamaguchi Kosuke
44.3%
SASUKE 17Honma Kota
43.9%
SASUKE 7Yoshinaga Katsumi
43.4%
SASUKE 16Nagasawa Hidenori
42.5%
SASUKE 8Sakawa Ryuichi
39.9%
SASUKE 13Shimizu Hideaki
39.5%
SASUKE 16Tomoyuki
37.7%
SASUKE 16Izumiyama Yuta
32.9%
SASUKE 16Kameyama Masashi
29.8%
SASUKE 14Kitaya Motoshi
28.5%

You're not logged in!

Compare scores with friends on all Sporcle quizzes.
OR
Log In

Show Comments

Extras

Created Nov 24, 2010ReportNominate
Tags:sasuke

Top Quizzes Today


Score Distribution

Your Account Isn't Verified!

In order to create a playlist on Sporcle, you need to verify the email address you used during registration. Go to your Sporcle Settings to finish the process.

Report this User

Report this user for behavior that violates our Community Guidelines.

Details: